El museo del barrio /

Αποθηκεύτηκε σε:
Λεπτομέρειες βιβλιογραφικής εγγραφής
Συγγραφή απο Οργανισμό/Αρχή: Montañez Ortiz, Rafael
Μορφή: Βιβλίο
Γλώσσα:English
Έκδοση: New York : American Association of Museum, 1988.
Θέματα:
Ετικέτες: Προσθήκη ετικέτας
Δεν υπάρχουν, Καταχωρήστε ετικέτα πρώτοι!

MARC

LEADER 00000nam a22000007a 4500
008 150603s1988 n aaaa| c||| 000 0 eng d
040 |a CRU CIICLA 
041 |a eng 
082 0 4 |a 709.04  |b M764m 
110 1 |a Montañez Ortiz, Rafael 
245 1 3 |a El museo del barrio /  |c Rafael Montañez Ortiz 
260 1 |a New York :  |b American Association of Museum,  |c 1988. 
300 |a 62 páginas:  |b ilustraciones 
650 1 4 |a ARTE PUERTORRIQUEÑO  |x AMERICA LATINA 
942 |2 ddc  |c REF 
999 |c 4264  |d 4264